000 00648nam a2200205Ia 4500
005 20220114110455.0
008 210716s2009 xx 000 0 und d
040 _cAIMIT LIBRARY
041 _aeng
082 _a332.1
_28
_bSRIR
100 _aSrivastava, R M.
_913033
245 _aManagement of Indian Financial Institutions:
_cby R. M. Srivastava and Divya Nigam.
250 _a8th .ed .-
260 _aNew Delhi:
_bHimalaya Publishing House,
_c2009.
300 _a636p. ;28cm.
650 _aBanking
_913034
650 _aManagement of Commercial Bank of India
_913035
700 _aNigam, Divya.
_913036
942 _2ddc
_cBK
_e8
_k332.1 SRIR
999 _c202636
_d202636